|
|
|
|
| LEADER |
00000nam0a2200000 4500 |
| 001 |
33244 |
| 005 |
20231101210142.0 |
| 035 |
|
|
|a (RuTPU)RU\TPU\book\33571
|
| 035 |
|
|
|a BOOK00000222
|
| 090 |
|
|
|a 33244
|
| 100 |
|
|
|a 20011210d1985 km y0rusy50 ca
|
| 101 |
0 |
|
|a rus
|
| 102 |
|
|
|a RU
|
| 105 |
|
|
|a a z 001zy
|
| 200 |
1 |
|
|a Основы электроники
|f И. П. Жеребцов
|
| 205 |
|
|
|a 4-е изд., перераб.и доп.
|
| 210 |
|
|
|a Ленинград
|c Энергоатомиздат
|d 1985
|
| 215 |
|
|
|a 352 с.
|c ил.
|
| 320 |
|
|
|a Библиогр.: с. 348
|
| 330 |
|
|
|a Изложены физические процессы в полупроводниковых и электровакуумных приборах и интегральных микросхемах, их устройство, характеристики и параметры, а также некоторые общие вопросы их применения. Третье издание вышло в 1974 г. Настоящее издание дополнено главами по микроэлектронике, фотоэлектронным и оптоэлектронным приборам. Главы по полупроводниковым приборам расширены, дополнены новыми сведениями за счет сокращения материала по электронным лампам. Для инженерно-технических работников, студентов вузов и техникумов, изучающих основы современной радиоэлектроники.
|
| 451 |
|
1 |
|0 (RuTPU)RU\TPU\book\33572
|y 5-283-04448-3
|t Основы электроники
|f И. П. Жеребцов
|e 5-е изд., перераб.и доп.
|c Ленинград
|n Энергоатомиздат
|d 1989
|p 352 с.
|a Жеребцов, Иван Петрович
|
| 606 |
|
|
|a Электроника
|2 stltpush
|3 (RuTPU)RU\TPU\subj\20310
|9 45419
|
| 610 |
1 |
|
|a электроны
|
| 610 |
1 |
|
|a транзисторы
|
| 610 |
1 |
|
|a полупроводниковые приборы
|
| 610 |
1 |
|
|a электровакуумные приборы
|
| 675 |
|
|
|a 621.38
|v 3
|
| 700 |
|
1 |
|a Жеребцов
|b И. П.
|g Иван Петрович
|
| 801 |
|
0 |
|a RU
|b 63413507
|c 20011210
|g PSBO
|
| 801 |
|
2 |
|a RU
|b 63413507
|c 20211203
|g PSBO
|
| 900 |
|
|
|a Электроника
|
| 900 |
|
|
|a Электроника в приборостроении
|
| 900 |
|
|
|a Информационно-измерительная техника и электроника
|
| 942 |
|
|
|c BK
|